000 00804nam a2200289 a 4500
001 000110515
003 CHAP
005 20220329144137.0
008 140905s2012 mx a |r| |||0|||spa d
010 _a106977
011 _a107949
020 _a9786074572292
040 _cCHAP
082 0 4 _a155.25
_bR69
100 1 _aRodríguez Fabila, René Ernesto
_9128298
245 1 3 _aLa cueva secreta de Teotihuacan /
_cpor René Ernesto Rodríguez Fabila.
260 _aMéxico, D.F. :
_bLectorum,
_c2012.
300 _a120 p. :
_bil.
590 _aE5652GLJ
_b05
_c20140905
_lUCH01
_h1259
650 1 4 _aActitud (Psicología)
_9745
650 1 4 _aDesarrollo humano.
_9124422
650 1 4 _aFilosofía antigua.
_940898
650 1 4 _aPensamiento.
_986728
901 _aBK
942 _cLIBRO
942 _n0
999 _c106977
_d106977